[Event "Arco op 41st"]
[Site "Arco"]
[Date "2019.10.08"]
[Round "5"]
[White "Facchetti, Lorenzo"]
[Black "Voltolini, Giuseppe"]
[Result "1/2-1/2"]
[WhiteElo "1921"]
[BlackElo "2115"]
[PlyCount "48"]
[EventDate "2019.10.04"]
[EventType "swiss"]
[EventRounds "9"]
[EventCountry "ITA"]
[SourceTitle "EXT 2020"]
[Source "ChessBase"]
[SourceDate "2019.10.17"]
[SourceVersion "1"]
[SourceVersionDate "2019.10.17"]
[SourceQuality "1"]

1. d4 d5 2. c4 e6 3. Nc3 c5 4. cxd5 exd5 5. Nf3 Nc6 6. g3 Nf6 7. Bg2 Be7 8. 0-0 0-0 9. Bg5 c4 10. Ne5 Be6 11. b3 cxb3 12. Nxc6 bxc6 13. axb3 Qb6 14. Na4 Qb5 15. Qc2 Rfb8 16. Rfc1 Qxb3 17. Qxb3 Rxb3 18. Bxf6 gxf6 19. Rxc6 a5 20. Nc5 Rc3 21. Nxe6 Rxc6 22. Bxd5 Rc2 23. Bxa8 fxe6 24. Rxa5 Rxe2 1/2-1/2

[Event "World Amateur-ch U2000"]
[Site "Cagliari"]
[Date "2018.04.28"]
[Round "8"]
[White "Baisynov, Islam"]
[Black "Facchetti, Lorenzo"]
[Result "1-0"]
[WhiteElo "1945"]
[BlackElo "1919"]
[PlyCount "159"]
[EventDate "2018.04.22"]
[EventType "swiss"]
[EventRounds "9"]
[EventCountry "ITA"]
[SourceTitle "CBM 184 Extra"]
[Source "ChessBase"]
[SourceDate "2018.06.28"]
[SourceVersion "1"]
[SourceVersionDate "2018.06.28"]
[SourceQuality "1"]

1. e4 c6 2. d4 d5 3. Nc3 dxe4 4. Nxe4 Nd7 5. Bd3 Ngf6 6. c3 Nxe4 7. Bxe4 Nf6 8. Bd3 Bg4 9. Ne2 e6 10. Qb3 Qb6 11. Bf4 Be7 12. 0-0 Nd5 13. Bg3 0-0 14. Qc2 Kh8 15. Rae1 c5 16. dxc5 Qxc5 17. Nd4 Bf6 18. Be5 Bxe5 19. Rxe5 Qd6 20. Rfe1 Nf4 21. Bf1 Rac8 22. Qa4 f6 23. R5e3 e5 24. Nb3 a6 25. Qe4 Qc7 26. g3 Nh3+ 27. Bxh3 Bxh3 28. g4 f5 29. Qxe5 Bxg4 30. Qxc7 Rxc7 31. Re7 Rc6 32. f4 Bf3 33. Kf2 Be4 34. Nd2 Bd5 35. R1e5 Rd6 36. Ke3 h6 37. c4 Bc6 38. R5e6 Rfd8 39. Rxd6 Rxd6 40. Re5 g6 41. Re7 Kg8 42. c5 Rd8 43. Nc4 Rd1 44. Ne5 Be4 45. h4 Rb1 46. Nxg6 Rxb2 47. Kd4 b6 48. c6 Bxc6 49. Ke5 Rd2 50. Kxf5 Bd7+ 51. Ke5 Re2+ 52. Kf6 Rxe7 53. Nxe7+ Kh7 54. Nd5 b5 55. Nc7 a5 56. Ke7 Bc6 57. Kd6 Be4 58. Nxb5 Kg6 59. Ke5 Bc2 60. Nd4 Bb1 61. f5+ Kf7 62. a3 a4 63. Nb5 Bc2 64. Nd6+ Kf8 65. Kf6 h5 66. Kg6 Bd1 67. f6 Be2 68. Nb7 Bd1 69. Nc5 Bb3 70. Kxh5 Kf7 71. Kg5 Bc2 72. h5 Bb3 73. h6 Kg8 74. Nd7 Bd5 75. Ne5 Bb3 76. f7+ Bxf7 77. h7+ Kxh7 78. Nxf7 Kg7 79. Nd6 Kf8 80. Kf6 1-0

[Event "Nago Torbole op-A"]
[Site "Nago Torbole"]
[Date "2010.12.28"]
[Round "5"]
[White "De Santis, Alessio"]
[Black "Facchetti, Lorenzo"]
[Result "1-0"]
[WhiteElo "2293"]
[BlackElo "1843"]
[PlyCount "79"]
[EventDate "2010.12.26"]
[EventType "swiss"]
[EventRounds "7"]
[EventCountry "ITA"]
[SourceTitle "EXT 2024"]
[Source "ChessBase"]
[SourceDate "2023.10.10"]
[SourceVersion "1"]
[SourceVersionDate "2023.10.10"]
[SourceQuality "1"]

1. d4 d5 2. c4 e6 3. Nc3 c6 4. Nf3 Nf6 5. g3 Nbd7 6. Bg2 Bd6 7. 0-0 0-0 8. Qc2 b6 9. Rd1 Bb7 10. e4 dxe4 11. Ng5 Be7 12. Ngxe4 Nxe4 13. Nxe4 Nf6 14. Nxf6+ Bxf6 15. Bf4 Qe7 16. c5 Rfd8 17. Bd6 Rxd6 18. cxd6 Qxd6 19. Rac1 Bxd4 20. Qa4 e5 21. Bxc6 Bxc6 22. Qxc6 Qxc6 23. Rxc6 Bxb2 24. Rd7 Bd4 25. Rxa7 Rf8 26. Rac7 g6 27. Kf1 Ra8 28. Rc8+ Rxc8 29. Rxc8+ Kg7 30. Rc6 Kf8 31. Rc7 Kg7 32. Ke2 Kf6 33. f3 Ke6 34. g4 Kf6 35. Kd3 Bg1 36. h3 h5 37. gxh5 gxh5 38. Ke4 Kg6 39. Rc8 f6 40. Rg8+ 1-0

[Event "Nago Torbole op-A"]
[Site "Nago Torbole"]
[Date "2010.12.26"]
[Round "2"]
[White "Facchetti, Lorenzo"]
[Black "Teodonio, Fabrizio"]
[Result "1-0"]
[WhiteElo "1843"]
[BlackElo "2002"]
[PlyCount "130"]
[EventDate "2010.12.26"]
[EventType "swiss"]
[EventRounds "7"]
[EventCountry "ITA"]
[SourceTitle "EXT 2024"]
[Source "ChessBase"]
[SourceDate "2023.10.10"]
[SourceVersion "1"]
[SourceVersionDate "2023.10.10"]
[SourceQuality "1"]

1. d4 Nf6 2. c4 g6 3. Nc3 d5 4. Bf4 Bg7 5. Nf3 0-0 6. e3 c5 7. Be2 Nc6 8. dxc5 Qa5 9. 0-0 dxc4 10. Qa4 Qxc5 11. Qxc4 Qb6 12. Rfd1 Be6 13. Qb5 Qxb5 14. Nxb5 Nd5 15. Bg3 Rac8 16. Ng5 Bxb2 17. Nxe6 fxe6 18. Rab1 Be5 19. Bg4 Nc7 20. Nxc7 Rxc7 21. Rbc1 Bxg3 22. Bxe6+ Kg7 23. hxg3 Rf6 24. Bb3 Kf8 25. Rd8+ Nxd8 26. Rxc7 Rc6 27. Rd7 Rd6 28. Rc7 Rc6 29. Rd7 Rd6 30. Rxd6 exd6 31. Kf1 Ke7 32. Ke2 Ne6 33. Bd5 Nc5 34. e4 h6 35. Ke3 Kf6 36. f4 g5 37. Kd4 b6 38. Bc4 Na4 39. Bb3 Nc5 40. Bc4 Na4 41. Bb3 Nc5 42. Kd5 Ke7 43. Kd4 Kf6 44. Kd5 Ke7 45. f5 Nd7 46. Kc6 Nc5 47. Kd5 Nd7 48. Kc6 Nc5 49. Bd5 h5 50. Kc7 b5 51. Kc6 b4 52. e5 Nd3 53. exd6+ Kd8 54. f6 Ne5+ 55. Kb5 Kd7 56. f7 Ng6 57. Kc5 a5 58. Bb3 h4 59. g4 Nf8 60. Bc2 Ne6+ 61. Kd5 Nf8 62. Bf5+ Kd8 63. Kc5 a4 64. Kxb4 h3 65. gxh3 Ne6 1-0

[Event "Arco op 31st"]
[Site "Arco"]
[Date "2009.10.24"]
[Round "9"]
[White "Russo, Carmelo"]
[Black "Facchetti, Lorenzo"]
[Result "0-1"]
[WhiteElo "1705"]
[BlackElo "1807"]
[PlyCount "104"]
[EventDate "2009.10.17"]
[EventType "swiss"]
[EventRounds "9"]
[EventCountry "ITA"]
[SourceTitle "EXT 2010"]
[Source "ChessBase"]
[SourceDate "2010.11.25"]
[SourceVersion "1"]
[SourceVersionDate "2010.11.25"]
[SourceQuality "1"]

1. d4 d5 2. c4 e6 3. Nc3 c6 4. e3 Nf6 5. Nf3 Nbd7 6. cxd5 exd5 7. Bd3 Bd6 8. Qc2 0-0 9. 0-0 Re8 10. e4 Nxe4 11. Nxe4 dxe4 12. Bxe4 Nf6 13. Bd3 Bg4 14. Ng5 h6 15. Bh7+ Kf8 16. Nxf7 Kxf7 17. Bg6+ Kf8 18. Bxe8 Qxe8 19. f3 Qh5 20. h3 Bf5 21. Qf2 Qg6 22. g4 Nd5 23. Kh1 Bd3 24. Rg1 Re8 25. Re1 Rxe1+ 26. Qxe1 Qf6 27. Qf2 Be4 28. Kg2 Bg6 29. Bd2 Nf4+ 30. Bxf4 Qxf4 31. Kg1 Bf7 32. Rd1 Bd5 33. Rd3 Qc1+ 34. Kg2 Qf4 35. Kg1 Bxa2 36. b3 Qc1+ 37. Kg2 Qf4 38. Kg1 Bb1 39. Rc3 Bg6 40. Rc4 Bf7 41. Rc3 Bd5 42. h4 b5 43. h5 a5 44. Qh4 Qxd4+ 45. Kf1 Qd1+ 46. Qe1 Qxe1+ 47. Kxe1 Bb4 48. Kd2 Bxc3+ 49. Kxc3 Bxf3 50. Kd4 Bxg4 51. Kc5 Bxh5 52. Kxc6 a4 0-1

[Event "Arco op 31st"]
[Site "Arco"]
[Date "2009.10.20"]
[Round "4"]
[White "Facchetti, Lorenzo"]
[Black "Anquandah, Francis Eric"]
[Result "0-1"]
[WhiteElo "1836"]
[BlackElo "1440"]
[PlyCount "132"]
[EventDate "2009.10.17"]
[EventType "swiss"]
[EventRounds "9"]
[EventCountry "ITA"]
[SourceTitle "EXT 2010"]
[Source "ChessBase"]
[SourceDate "2010.11.25"]
[SourceVersion "1"]
[SourceVersionDate "2010.11.25"]
[SourceQuality "1"]

1. d4 d5 2. c4 c6 3. Nf3 Nf6 4. Nc3 g6 5. Bg5 Bg7 6. e3 0-0 7. Bd3 dxc4 8. Bxc4 Qa5 9. 0-0 Bg4 10. Bh4 Qh5 11. Bg3 Bxf3 12. Qxf3 Qxf3 13. gxf3 Nbd7 14. Rfd1 Nh5 15. Bh4 Rfe8 16. Ne4 h6 17. Kf1 g5 18. Bg3 Nxg3+ 19. fxg3 Rad8 20. Rd2 Nb6 21. Bb3 e5 22. Rad1 exd4 23. exd4 Nd5 24. Kf2 Kf8 25. Nc3 Ne3 26. Re1 Nf5 27. Rxe8+ Kxe8 28. d5 Bxc3 29. bxc3 cxd5 30. Bxd5 Nd6 31. c4 b6 32. Ke2 Ke7 33. Kd3 Kd7 34. Kc3 Re8 35. Be4 Kc7 36. Re2 Nxe4+ 37. Rxe4 Rxe4 38. fxe4 Kd6 39. Kd4 f6 40. g4 a6 41. a4 Kc6 42. e5 fxe5+ 43. Kxe5 Kc5 44. Kf6 Kxc4 45. Kg6 b5 46. axb5 axb5 47. Kxh6 b4 48. Kxg5 b3 49. Kh6 b2 50. g5 b1Q 51. g6 Qc1+ 52. Kh7 Qc2 53. h4 Qf5 54. Kh6 Qf4+ 55. Kh5 Qf8 56. g7 Qg8 57. Kg6 Qe6+ 58. Kh7 Qe4+ 59. Kh6 Qxh4+ 60. Kg6 Qg4+ 61. Kf7 Qf5+ 62. Ke7 Qg6 63. Kf8 Qf6+ 64. Kg8 Kd5 65. Kh7 Qf7 66. Kh8 Qh5+ 0-1

[Event "Condino op"]
[Site "Condino"]
[Date "2009.08.01"]
[Round "7"]
[White "Bonugli, Carlo"]
[Black "Facchetti, Lorenzo"]
[Result "1/2-1/2"]
[WhiteElo "2003"]
[BlackElo "1807"]
[PlyCount "147"]
[EventDate "2009.07.27"]
[EventType "swiss"]
[EventRounds "7"]
[EventCountry "ITA"]
[SourceTitle "CBM 131 Extra"]
[Source "ChessBase"]
[SourceDate "2009.09.03"]
[SourceVersion "2"]
[SourceVersionDate "2009.09.16"]
[SourceQuality "1"]

1. e4 e5 2. Bc4 Bc5 3. Nc3 Nf6 4. d3 d6 5. Nf3 Be6 6. Bb3 h6 7. d4 exd4 8. Nxd4 Bxb3 9. axb3 0-0 10. 0-0 Re8 11. Nf5 a6 12. Qf3 Kh8 13. Bf4 Qd7 14. Rad1 Nc6 15. Qh3 Rg8 16. g4 Rae8 17. Nd5 Nh7 18. Rfe1 Ne5 19. Kg2 c6 20. Nc3 Qe6 21. Be3 h5 22. f3 Bxe3 23. Rxd6 Ng6 24. Kh1 hxg4 25. fxg4 Qe5 26. Qxe3 Ne7 27. Rd7 Nxf5 28. gxf5 Re7 29. Rxe7 Qxe7 30. Qf4 Re8 31. Re3 Kg8 32. Rg3 f6 33. h4 Qe5 34. Qxe5 Rxe5 35. Rd3 Re7 36. Kg2 Kf7 37. Kf3 g6 38. fxg6+ Kxg6 39. Kf4 Kh5 40. Rd1 Nf8 41. Kf5 Nd7 42. Rg1 Kxh4 43. Rg8 Re5+ 44. Kf4 Kh5 45. Ne2 Nc5 46. Ng3+ Kh6 47. b4 Ne6+ 48. Ke3 c5 49. bxc5 Rxc5 50. c3 a5 51. Nf5+ Kh7 52. Re8 Re5 53. Re7+ Kg6 54. Rxb7 Rxe4+ 55. Kxe4 Nc5+ 56. Kd5 Nxb7 57. Ne3 Kg5 58. Kc6 Nd8+ 59. Kb5 Kf4 60. Nd5+ Ke5 61. Nxf6 Kxf6 62. Kxa5 Ke6 63. Kb6 Kd5 64. b3 Ne6 65. Kb5 Nc7+ 66. Kb4 Kc6 67. Kc4 Kb6 68. Kd4 Nb5+ 69. Kc4 Nd6+ 70. Kb4 Ne4 71. c4 Nc5 72. Kc3 Nxb3 73. Kxb3 Kc5 74. Kc3 1/2-1/2

[Event "Condino op"]
[Site "Condino"]
[Date "2009.07.27"]
[Round "1"]
[White "Di Paolo, Raffaele"]
[Black "Facchetti, Lorenzo"]
[Result "1-0"]
[WhiteElo "2318"]
[BlackElo "1807"]
[PlyCount "65"]
[EventDate "2009.07.27"]
[EventType "swiss"]
[EventRounds "7"]
[EventCountry "ITA"]
[SourceTitle "CBM 131 Extra"]
[Source "ChessBase"]
[SourceDate "2009.09.03"]
[SourceVersion "2"]
[SourceVersionDate "2009.09.16"]
[SourceQuality "1"]

1. e4 e5 2. Nf3 Nc6 3. d4 exd4 4. Nxd4 Bc5 5. Nxc6 Qf6 6. Qf3 dxc6 7. Qxf6 Nxf6 8. f3 Be6 9. Nd2 0-0-0 10. Nb3 Bxb3 11. axb3 Rhe8 12. Bd3 Nd5 13. Bd2 Nb4 14. Bxb4 Bxb4+ 15. Ke2 a6 16. f4 f6 17. h4 h5 18. Rad1 Re7 19. Kf3 g6 20. g3 Red7 21. g4 hxg4+ 22. Kxg4 Rh8 23. Bc4 Re7 24. Bd3 Rd7 25. e5 fxe5 26. fxe5 Be7 27. Bxg6 Rxh4+ 28. Rxh4 Rxd1 29. Rh8+ Bd8 30. Bf5+ Kb8 31. Bd3 Kc8 32. e6 Re1 33. Bf5 1-0

[Event "Trento op"]
[Site "Trento"]
[Date "2008.03.28"]
[Round "1"]
[White "Amico, Antonino"]
[Black "Facchetti, Lorenzo"]
[Result "0-1"]
[WhiteElo "1407"]
[BlackElo "1674"]
[PlyCount "55"]
[EventDate "2008.03.28"]
[EventType "swiss"]
[EventRounds "5"]
[EventCountry "ITA"]
[SourceTitle "EXT 2011"]
[Source "ChessBase"]
[SourceDate "2010.11.26"]
[SourceVersion "1"]
[SourceVersionDate "2010.11.26"]
[SourceQuality "1"]

1. d4 d5 2. Nc3 Bf5 3. e3 Nf6 4. h3 e6 5. Bd3 Bxd3 6. Qxd3 a6 7. Nf3 Be7 8. Bd2 0-0 9. 0-0 c5 10. dxc5 Bxc5 11. Ne2 Qc7 12. a3 Nbd7 13. Bc3 Rac8 14. Rac1 Rfd8 15. Rfd1 b5 16. Qd2 Ne4 17. Qe1 Nxc3 18. Qxc3 Qb7 19. b4 Be7 20. Qd3 Nb6 21. c3 Nc4 22. Ra1 Nb2 23. Qc2 Nxd1 24. Rxd1 Bf6 25. Rd3 Rc7 26. e4 dxe4 27. Rxd8+ Bxd8 28. Ng5 0-1

[Event "Bolzano op 2nd"]
[Site "Bolzano"]
[Date "2007.05.27"]
[Round "5"]
[White "Stivaletta, Andrea"]
[Black "Facchetti, Lorenzo"]
[Result "1/2-1/2"]
[WhiteElo "1739"]
[BlackElo "1440"]
[PlyCount "43"]
[EventDate "2007.05.25"]
[EventType "swiss"]
[EventRounds "7"]
[EventCountry "ITA"]
[SourceTitle "EXT 2011"]
[Source "ChessBase"]
[SourceDate "2010.11.26"]
[SourceVersion "1"]
[SourceVersionDate "2010.11.26"]
[SourceQuality "1"]

1. e4 c5 2. Nf3 d6 3. d4 cxd4 4. Nxd4 Nf6 5. Nc3 g6 6. Be2 Bg7 7. Be3 0-0 8. Qd2 a6 9. Bf3 Nbd7 10. Be2 Qc7 11. f4 b5 12. Nd5 Nxd5 13. exd5 Re8 14. c3 Bb7 15. Bf3 Nb6 16. Rg1 Nc4 17. Qf2 Nxe3 18. Qxe3 e6 19. dxe6 Bxd4 20. Qxd4 Rxe6+ 21. Kf2 Bxf3 22. gxf3 1/2-1/2